5HLuxD.jpg

KING HENRY VIII SENIOR AND PRIMARY SCHOOL LIBRARY OPAC

Tanah Runtuh / (Record no. 3054)

000 -LEADER
fixed length control field 00624nam a22002177a 4500
003 - CONTROL NUMBER IDENTIFIER
control field OSt
005 - DATE AND TIME OF LATEST TRANSACTION
control field 20230927152221.0
008 - FIXED-LENGTH DATA ELEMENTS--GENERAL INFORMATION
fixed length control field 230927b ||||| |||| 00| 0 eng d
020 ## - INTERNATIONAL STANDARD BOOK NUMBER
International Standard Book Number 9789670650142
040 ## - CATALOGING SOURCE
Transcribing agency KH8
082 ## - DEWEY DECIMAL CLASSIFICATION NUMBER
Classification number 400 ZAB
100 ## - MAIN ENTRY--PERSONAL NAME
Personal name Zabri Hazry,
Relator term author.
245 ## - TITLE STATEMENT
Title Tanah Runtuh /
Statement of responsibility, etc. Zabri Hazry.
260 ## - PUBLICATION, DISTRIBUTION, ETC.
Place of publication, distribution, etc. Bukit Katil, Melaka :
Name of publisher, distributor, etc. Penerbit Eka,
Date of publication, distribution, etc. 2016.
300 ## - PHYSICAL DESCRIPTION
Extent 24 pages :
Other physical details colour illustrations ;
Dimensions 26 cm.
440 ## - SERIES STATEMENT/ADDED ENTRY--TITLE
Title Siri Susuri Bencana Alam
650 ## - SUBJECT ADDED ENTRY--TOPICAL TERM
Topical term or geographic name entry element Children's stories
Form subdivision Malay
650 ## - SUBJECT ADDED ENTRY--TOPICAL TERM
Topical term or geographic name entry element Malay language
Form subdivision Foreign language
830 ## - SERIES ADDED ENTRY--UNIFORM TITLE
Uniform title Siri Susuri Bencana Alam
942 ## - ADDED ENTRY ELEMENTS (KOHA)
Source of classification or shelving scheme
Koha item type Teaching Resources
Holdings
Withdrawn status Lost status Source of classification or shelving scheme Damaged status Not for loan Collection code Permanent Location Current Location Shelving location Date acquired Full call number Barcode Date last seen Price effective from Koha item type
          Teaching Resources KH8 Senior School Library KH8 Senior School Library Staff Office 2023-09-27 400 ZAB TRKHSL003490 2023-09-27 2023-09-27 Teaching Resources

Powered By KH8 IT Dept